000 00315nam a22001337a 4500
008 170529b xxu||||| |||| 00| 0 eng d
020 _a2900199565923
041 _aeng
080 _28TH
_a621(075.8)
100 _a27
101 _aIM
245 _aELECTRICAL PROPERTIES OF MATERIALS
_cSOLYMAR,L
942 _2udc
_cBK
999 _c14819
_d14819